000 00694nam a2200217 a 4500
005 20140310183606.0
008 120727s19uu xx 00 eng d
020 _a9781844452675
050 _aLB 1775.6
_b.St73 2009
100 _aStacey, Mary
245 _aTeamwork and collaboration in early years settings /
_cMary Stacey.
260 _aExeter, Great Britain :
_bLearning Matters,
_c2009.
300 _aix, 132 p. :
_bill. ;
_c24 cm.
440 _aAchieving EYPS
500 _aIncludes bibliographical references and index
521 _aEDU
650 _aEarly childhood educators
_xProfessional relationships
650 _aTeaching teams
942 _cBK
_2lcc
_kFOR
999 _c25169
_d25169